Dettagli MARC
| 000 -LEADER |
| fixed length control field |
01592nam a2200301 a 4500 |
| 001 - CONTROL NUMBER |
| control field |
000000420796 |
| 003 - CONTROL NUMBER IDENTIFIER |
| control field |
IT-MiSPE |
| 005 - DATE AND TIME OF LATEST TRANSACTION |
| control field |
20250324143223.0 |
| 008 - FIXED-LENGTH DATA ELEMENTS--GENERAL INFORMATION |
| fixed length control field |
151113s1957 fr ch 000 u fre d |
| 040 ## - CATALOGING SOURCE |
| Original cataloging agency |
IT-MiSPE |
| Language of cataloging |
ita |
| Modifying agency |
lco |
| Transcribing agency |
IT-MiSPE |
| 041 ## - LANGUAGE CODE |
| Language code of text/sound track or separate title |
fre |
| Language code of original |
fre |
| 082 ## - DEWEY DECIMAL CLASSIFICATION NUMBER |
| Classification number |
194-PAS bl pe (ppv 23403) |
| 100 1# - MAIN ENTRY--PERSONAL NAME |
| Personal name |
Pascal, Blaise, |
| Dates associated with a name |
1623-1662. |
| 9 (RLIN) |
61963 |
| 245 10 - TITLE STATEMENT |
| Title |
Pensées / |
| Statement of responsibility, etc. |
Pascal ; texte de l'édition Brunschvicg ; introduction et notes par Ch.M. Des Granges. |
| 250 ## - EDITION STATEMENT |
| Edition statement |
Éd. précédée de la vie de Pascal / |
| Remainder of edition statement |
par Mme Périer |
| 260 ## - PUBLICATION, DISTRIBUTION, ETC. (IMPRINT) |
| Place of publication, distribution, etc. |
Paris : |
| Name of publisher, distributor, etc. |
Garnier, |
| Date of publication, distribution, etc. |
1961. |
| 300 ## - PHYSICAL DESCRIPTION |
| Extent |
x, 342 p., [4] c. di tav. : |
| Other physical details |
facs. ; |
| Dimensions |
19 cm |
| 520 ## - SUMMARY, ETC. |
| Summary, etc. |
I ''Pensieri'' sono un insieme di riflessioni filosofiche e religiose, stese sotto forma di appunti, di brevi annotazioni, di battute polemiche e, qualche volta, anche di più ampie trattazioni, che Pascal scrisse a partire del 1658. Non sono solo un grandioso affresco apologetico del cristianesimo. Essi contengono riflessioni acute, spesso impietose, sempre realisticamente aderenti, sull'uomo come è di fatto, nella sua realtà concreta. |
| 600 14 - SUBJECT ADDED ENTRY--PERSONAL NAME |
| Personal name |
Pascal, Blaise, |
| Dates associated with a name |
1623-1662 |
| Authority record control number |
(Wikidata) Q1290. |
| 9 (RLIN) |
61963 |
| 655 #7 - INDEX TERM--GENRE/FORM |
| Genre/form data or focus term |
Filosofi di lingua francese. Generalità e filosofi fino al 1920 |
| General subdivision |
Filosofi del 1500 e del 1600: Pascal Blaise, 1623-1662. |
| 9 (RLIN) |
61964 |
| 700 1# - ADDED ENTRY--PERSONAL NAME |
| Personal name |
Des Granges, Charles Marc, |
| Dates associated with a name |
1861-1944, |
| Relator term |
ed. |
| 9 (RLIN) |
61977 |
| 700 1# - ADDED ENTRY--PERSONAL NAME |
| Personal name |
Périer, Gilberte, |
| Dates associated with a name |
1620-1687. |
| 9 (RLIN) |
61978 |
| 900 1# - EQUIVALENCE OR CROSS-REFERENCE-PERSONAL NAME [LOCAL, CANADA] |
| Dates associated with a name |
1620-1685. |
| 942 ## - ADDED ENTRY ELEMENTS (KOHA) |
| Source of classification or shelving scheme |
Dewey Decimal Classification |
| Koha item type |
LIBRO |
| 990 10 - EQUIVALENCES OR CROSS-REFERENCES [LOCAL, CANADA] |
| Link information for 9XX fields |
90001ac |
| Link information for field corresponding to 9XX field |
10001ad |
| 990 10 - EQUIVALENCES OR CROSS-REFERENCES [LOCAL, CANADA] |
| Link information for 9XX fields |
90002ad |
| Link information for field corresponding to 9XX field |
70002ad |